000 00504nam a22001697a 4500
008 160517b xxu||||| |||| 00| 0 eng d
020 _a981-247-066-2
082 _22005
_aDC 653
_bR56o
100 _98500
_aRobbins, Stephen P.
245 _aOrganizational behavior/
_cStephen P. Robbins.
250 _a10th edition.
260 _aSingapore:
_bPearson Education,
_cc2005.
300 _axxix, 675 pages;
_c24 cm.
500 _aIncludes index.
650 0 _98501
_aOrganizational behavior.
942 _2ddc
_cDC
999 _c2574
_d2574